[Event "47. Sparkassen Chess-Meeting 2019"]
[Site "Dortmund"]
[Date "2019.07.19"]
[Round "5.4"]
[White "Fridman, Daniel"]
[Black "Dominguez Perez, Leinier"]
[Result "1/2-1/2"]
[WhiteElo "2638"]
[BlackElo "2760"]
[Annotator "TA"]
[PlyCount "137"]
[EventDate "2019.07.13"]
[EventCountry "GER"]
[SourceTitle "playchess.com"]
[Source "ChessBase"]
[SourceQuality "1"]

{[%evp 18,137,8,6,13,2,2,0,0,-4,0,-7,0,-2,0,0,0,0,0,0,0,0,0,0,0,0,0,0,0,-4,0,-30,-30,-21,-23,-29,0,-2,0,-6,-9,-10,-9,-16,-9,-17,-14,-20,-12,-16,0,0,0,0,0,0,0,-4,0,0,0,0,0,0,0,0,0,0,0,0,0,0,0,0,0,0,0,0,0,0,0,0,0,0,0,0,0,0,0,0,0,0,0,0,0,0,0,0,0,0,0,0,0,0,0,0,0,0,0,0,0,0,0,0,0,0,0,0,0,0,0,0]} 1. d4 Nf6 2. c4 e6 3. Nf3 d5 4. g3 Be7 5. Bg2 O-O 6. Nc3 dxc4 7. Ne5 c5 8. dxc5 Qxd1+ 9. Nxd1 Bxc5 10. Nxc4 Nc6 {E06: Closed Catalan: Early deviations} 11. O-O Nd5 12. Be3 (12. Bd2 Bd7 13. Rc1 Rfc8 14. Re1 f6 15. Nc3 Nxc3 16. Bxc3 e5 17. Na5 Nxa5 18. Bxa5 {½-½ (32) Inarkiev,E (2693)-Karjakin,S (2753) St Petersburg 2018}) 12... Be7 $146 ({Predecessor:} 12... Nxe3 13. Ndxe3 Bd7 14. Rfd1 Rfd8 15. Nd6 Bxd6 16. Rxd6 Be8 17. Rad1 Rxd6 18. Rxd6 {½-½ (26) Loxine,J (2301)-Stefansson,H (2576) Dresden 2007}) 13. Nc3 Nxe3 14. Nxe3 Bd7 15. Rfd1 Rfd8 16. Nc4 Rab8 17. Nd6 Kf8 18. Rd2 Bxd6 19. Rxd6 Ke7 20. Rad1 Ne5 21. R6d4 b5 22. Ne4 Bc6 23. Nd6 g5 24. Ne4 (24. R4d2 {feels hotter.} a5 25. Bxc6 Nxc6 26. f3 h6 27. Kf2) 24... Rxd4 25. Rxd4 h6 26. Nc3 $1 b4 27. Nd1 {The position is equal.} b3 28. axb3 Rxb3 29. Bxc6 Nxc6 $11 {[%mdl 4096] Endgame KRN-KRN} 30. Ra4 Kd6 31. Kf1 Kc5 32. Ke1 Rb4 33. Ra3 Rd4 34. Ne3 Rb4 35. Rc3+ Kd6 36. Nc4+ Ke7 37. f3 Nd4 38. Kd2 Nb5 39. Rc2 Nd4 40. Rc3 Nb5 41. Rc2 Nd4 42. Rc3 f5 43. Kd3 Nb5 44. Rc1 Rb3+ 45. Kd2 Nd6 46. Nxd6 Kxd6 {KR-KR} 47. Kc2 Re3 48. Kd2 Rb3 49. Kc2 Rb5 50. Ra1 a5 51. Ra4 Kc6 52. h4 Rc5+ 53. Kd2 Kb5 54. b3 Rd5+ 55. Kc2 Re5 56. Kd2 Rc5 57. hxg5 hxg5 58. e4 f4 59. gxf4 gxf4 60. e5 Rd5+ 61. Kc2 Rxe5 62. Rxf4 Re3 63. Kb2 $1 Kc5 64. Ra4 Rxf3 65. Rxa5+ Kd4 66. b4 e5 67. b5 Kc5 {[#]} 68. b6+ $1 {[%mdl 512]} Kxb6 69. Rxe5 {Accuracy: White = 86%, Black = 77%.} 1/2-1/2

[Event "47. Sparkassen Chess-Meeting 2019"]
[Site "Dortmund"]
[Date "2019.07.20"]
[Round "6.1"]
[White "Radjabov, Teimour"]
[Black "Fridman, Daniel"]
[Result "1/2-1/2"]
[WhiteElo "2759"]
[BlackElo "2638"]
[Annotator "TA"]
[PlyCount "54"]
[EventDate "2019.07.13"]
[EventCountry "GER"]
[SourceTitle "playchess.com"]
[Source "ChessBase"]
[SourceQuality "1"]

{[%evp 29,54,38,0,7,89,102,68,68,106,110,67,33,94,89,72,75,85,18,26,3,15,10,2,0,19,0,35]} 1. d4 d5 2. c4 e6 3. Nf3 Nf6 4. Nc3 c6 5. Bg5 dxc4 6. e4 b5 7. e5 h6 8. Bh4 g5 9. Nxg5 hxg5 10. Bxg5 Be7 11. exf6 Bxf6 12. Bxf6 Qxf6 13. g3 Na6 14. Bg2 Bb7 15. Ne4 Qe7 16. O-O {D44: Semi-Slav: Botvinnik System} f5 (16... O-O-O $1 $11 {keeps the balance.}) 17. Nc5 $16 Nxc5 18. dxc5 {White is slightly better.} Qxc5 19. Re1 Kf7 20. a4 {[#] Black must now prevent axb5.} a6 {[#]} (20... Rad8 $1 $14 21. Qf3 b4) 21. axb5 $146 ({Don't play} 21. Qd7+ $6 Qe7 $11) ({Predecessor:} 21. Qe2 Rae8 22. axb5 axb5 23. Rad1 Re7 {½-½ (33) Adhiban,B (2646)-Lu,S (2570) Moscow 2015}) 21... axb5 22. Rxa8 Bxa8 23. Qe2 ({White should play} 23. Bf3 $16) 23... Qe7 $11 24. Qe5 Qf6 {The position is equal.} 25. Qc7+ Qe7 $1 {[%cal Re7c7]} 26. Qe5 Qf6 27. Qc7+ Qe7 $1 {Accuracy: White = 48%, Black = 38%.} 1/2-1/2

[Event "47. Sparkassen Chess-Meeting 2019"]
[Site "Dortmund"]
[Date "2019.07.20"]
[Round "6.2"]
[White "Nepomniachtchi, Ian"]
[Black "Nisipeanu, Liviu-Dieter"]
[Result "1-0"]
[WhiteElo "2775"]
[BlackElo "2672"]
[Annotator "TA"]
[PlyCount "37"]
[EventDate "2019.07.13"]
[EventCountry "GER"]
[SourceTitle "playchess.com"]
[Source "ChessBase"]
[SourceQuality "1"]

{[%evp 13,37,16,24,8,41,12,14,0,0,0,0,0,0,0,0,1,107,100,140,146,144,148,156,156,459,463]} 1. e4 e5 2. Nf3 Nf6 3. Nxe5 d6 4. Nf3 Nxe4 5. Nc3 Nxc3 6. dxc3 Be7 7. Be3 O-O 8. Qd2 {C42: Petroff Defence: 3 Nxe5 and unusual White 3rd moves} Qe8 9. h4 $146 ({Predecessor:} 9. O-O-O Qa4 10. Kb1 Nc6 11. Nd4 Nxd4 12. cxd4 Bf6 13. Be2 c6 14. g4 Be6 15. b3 Qa3 {0-1 (31) McShane,L (2640)-Fridman,D (2633) Katowice 2017}) 9... Qa4 10. h5 {The position is equal.} h6 11. Bd3 Re8 $1 12. Kf1 Bf8 $1 13. Nd4 {Strongly threatening Bb5.} Qd7 14. Rh3 $36 {[%mdl 2048] Black should prevent Bxh6. White has good play.} Nc6 {[#]} (14... Qd8 $11 15. Rg3 Kh8) 15. Rg3 $1 $16 Kh8 {[#]} 16. Nxc6 $1 bxc6 {[#]} 17. Bd4 $1 {[%mdl 512] White wants to mate with Qxh6+.} Re6 18. Qf4 {Black must now prevent Qf5!} Qe8 $2 (18... Qe7 $16 {is more resistant.} 19. c4 (19. Qf5 Rg6 $16) 19... f6) 19. Re3 {Accuracy: White = 77%, Black = 43%.} ({Weaker is} 19. Qf5 Re1+ 20. Rxe1 Bxf5 $16) 1-0

[Event "47. Sparkassen Chess-Meeting 2019"]
[Site "Dortmund"]
[Date "2019.07.20"]
[Round "6.3"]
[White "Dominguez Perez, Leinier"]
[Black "Kulaots, Kaido"]
[Result "1/2-1/2"]
[WhiteElo "2760"]
[BlackElo "2560"]
[Annotator "TA"]
[PlyCount "88"]
[EventDate "2019.07.13"]
[EventCountry "GER"]
[SourceTitle "playchess.com"]
[Source "ChessBase"]
[SourceQuality "1"]

{[%evp 20,88,10,10,15,0,24,23,30,20,22,30,33,21,14,-88,-74,-83,-85,-120,-117,-119,-115,-105,-118,-116,-116,-158,-10,-9,-11,-16,0,0,0,-1,0,0,0,0,0,0,0,0,0,0,0,0,0,-5,-5,-6,-6,-6,-6,-6,0,0,0,0,0,0,0,0,0,0,0,0,0,0,0]} 1. e4 c5 2. Nf3 d6 3. d4 cxd4 4. Nxd4 Nf6 5. Nc3 a6 6. f3 e6 7. Be3 b5 8. Qd2 Nbd7 9. g4 h6 10. a3 Bb7 11. O-O-O Rc8 {B80: Sicilian Scheveningen: 6 g3 and 6 Be3, including English Attack} 12. Kb1 (12. h4 d5 13. Rg1 dxe4 14. g5 hxg5 15. hxg5 Nd5 16. Nxe4 g6 17. Bf2 b4 18. axb4 Bxb4 19. c3 {1-0 (29) Jakovenko,D (2719)-Xu,Y (2532) China 2019}) 12... d5 13. exd5 $1 Nxd5 {White has an edge.} 14. Nxd5 Bxd5 15. a4 Bc5 {White must now prevent ...Bxd4.} 16. axb5 {White wants to play Be2.} O-O 17. Be2 $146 (17. g5 $11 {keeps the balance.} hxg5 18. Rg1 (18. bxa6 Qb6 $15) (18. Bxg5 Qb6 $15) 18... axb5 19. Rxg5) ({Predecessor:} 17. g5 axb5 18. gxh6 Ra8 19. Nb3 Bxe3 20. Qxe3 Bxb3 21. cxb3 Qa5 22. Qc3 Qa2+ {½-½ (22) De la Pena Balbuena,I (2367)-Jimenez Molina,G (2382) ICCF email 2016}) 17... axb5 $17 18. Nxb5 Qb6 ({Much weaker is} 18... Bxe3 $6 19. Qxe3 Ra8 20. c4 $11) 19. Bxc5 Rxc5 20. c4 Bxc4 21. Bxc4 Rxc4 22. Qxd7 {[#] With the idea Rd6.} Rb4 $1 {[%cal Rb4b5]} 23. Rd6 {[#]} Qxb5 (23... Qb8 $1 $17 24. Rhd1 Rxb5) 24. Qxb5 $11 {The position is equal.} Rxb5 $17 {[%mdl 4096] Endgame KRR-KRR} 25. Rhd1 g5 26. Rd8 Rb3 27. Kc2 Rxf3 28. b4 {[%cal Bb2b4,Bb4b5,Bb5b6][%mdl 32]} Ra3 29. b5 Ra5 30. Rxf8+ Kxf8 $11 {KR-KR} 31. Rb1 $1 Ke7 32. b6 {Threatens to win with b7.} Ra8 33. Kd3 Kd6 34. Ke4 Rb8 35. b7 Kc6 36. Rc1+ Kxb7 37. Rf1 Kc6 38. Rxf7 Kd6 {Strongly threatening ...Rb2.} 39. Rf6 Rb4+ 40. Kf3 Rb3+ 41. Kg2 $1 Rb2+ 42. Kg3 Rb3+ 43. Kg2 Rb2+ 44. Kg3 Rb3+ {Accuracy: White = 82%, Black = 61%.} 1/2-1/2

[Event "47. Sparkassen Chess-Meeting 2019"]
[Site "Dortmund"]
[Date "2019.07.20"]
[Round "6.4"]
[White "Rapport, Richard"]
[Black "Wojtaszek, Radoslaw"]
[Result "1/2-1/2"]
[WhiteElo "2735"]
[BlackElo "2737"]
[Annotator "TA"]
[PlyCount "47"]
[EventDate "2019.07.13"]
[EventCountry "GER"]
[SourceTitle "playchess.com"]
[Source "ChessBase"]
[SourceQuality "1"]

{[%evp 9,47,7,8,9,8,8,8,10,8,11,11,8,12,6,6,-6,8,0,9,4,6,0,0,0,0,0,0,0,0,0,0,0,0,0,0,0,0,0,0,0]} 1. c4 e5 2. g3 Nf6 3. Bg2 Bc5 4. Nc3 c6 5. e3 O-O {The position is equal.} 6. Nge2 {A23: English Opening: 1...e5 2 Nc3 Nf6 3 g3 c6} d5 7. cxd5 Nxd5 8. d4 exd4 9. Nxd5 cxd5 10. Nxd4 Nc6 11. Nxc6 bxc6 12. Qc2 $146 ({Predecessor:} 12. O-O Be6 13. Qc2 {½-½ (28) Carlsen,M (2843)-Ding,L (2791) Stavanger 2018}) 12... Qb6 13. O-O Be6 14. Bd2 d4 {[%cal Rd4e3]} 15. exd4 (15. b4 {looks sharper.} Bxb4 16. Bxb4 Qxb4 17. a3 Qc4 18. Qxc4 Bxc4 19. Rfc1) 15... Bxd4 16. Bc3 Rad8 17. Bxd4 Rxd4 18. Qxc6 Qxb2 19. a4 Bd7 20. Qa6 Qb6 21. Qxb6 axb6 22. Rfb1 Rxa4 23. Rxa4 Bxa4 24. Rxb6 1/2-1/2

[Event "47. Sparkassen Chess-Meeting 2019"]
[Site "Dortmund"]
[Date "2019.07.21"]
[Round "7.1"]
[White "Nisipeanu, Liviu-Dieter"]
[Black "Rapport, Richard"]
[Result "1/2-1/2"]
[WhiteElo "2672"]
[BlackElo "2735"]
[Annotator "TA"]
[PlyCount "76"]
[EventDate "2019.07.13"]
[EventCountry "GER"]
[SourceTitle "playchess.com"]
[Source "ChessBase"]
[SourceQuality "1"]

{[%evp 13,76,17,10,3,22,12,16,13,36,11,15,12,12,0,0,0,8,11,7,14,9,-14,0,0,3,0,13,0,0,0,9,0,0,-18,-17,-15,0,0,0,0,0,-15,0,0,0,0,0,0,0,0,0,0,0,0,0,0,0,0,0,0,0,0,0,0,0]} 1. e4 e5 2. Nf3 Nc6 3. Bb5 a6 4. Ba4 Be7 5. O-O Nf6 6. d3 b5 7. Bb3 d6 8. a3 {C84: Closed Ruy Lopez: Unusual White 6th moves} a5 $146 ({Predecessor:} 8... Na5 9. Ba2 c5 10. Nc3 Be6 11. Nh4 O-O 12. Nf5 Nc6 13. Bg5 Bxf5 14. exf5 Qd7 15. g4 Rac8 16. Bxf6 Bxf6 {½-½ (31) Nepomniachtchi,I (2771)-Adams,M (2708) Astana 2019}) 9. Nc3 Rb8 10. a4 b4 11. Nd5 Nxd5 {The position is equal.} 12. Bxd5 Bd7 13. Ng5 Bxg5 14. Qh5 $1 {[%csl Gd5,LRf7,LRg5][%cal Rh5f7][%mdl 64] [#] Double Attack} Qf6 {...Bxc1 is the strong threat.} 15. Bxg5 Qg6 16. Qxg6 hxg6 17. c3 Ne7 {[%cal Bc6e7,Be7g6,Bg6f4][%mdl 32]} 18. Bc4 f6 19. Be3 g5 20. d4 Ng6 21. d5 bxc3 22. b3 c5 23. dxc6 Bxc6 24. f3 Nf4 25. Rfd1 Ke7 26. Rac1 Rhc8 {aiming for ...Bxa4!} 27. Rxc3 d5 (27... Bd7 {with more complications.} 28. Bxf4 gxf4 29. Rd5 Ra8 30. Rc2 Rc6) 28. exd5 Bxd5 {[%mdl 64] And now ...Ne2+! would win. Pin} 29. Bxf4 Bxc4 30. Bxe5 Rxb3 31. Bd4 Rb4 32. Rdc1 Ke6 33. Bf2 Rxa4 34. Bb6 Rb8 35. Bc7 Rbb4 {[#]} 36. Bxa5 $1 {[%mdl 512]} Rxa5 37. Rxc4 Rxc4 38. Rxc4 Ke5 {Accuracy: White = 63%, Black = 65%.} 1/2-1/2

[Event "47. Sparkassen Chess-Meeting 2019"]
[Site "Dortmund"]
[Date "2019.07.21"]
[Round "7.2"]
[White "Kulaots, Kaido"]
[Black "Radjabov, Teimour"]
[Result "1/2-1/2"]
[WhiteElo "2560"]
[BlackElo "2759"]
[Annotator "TA"]
[PlyCount "80"]
[EventDate "2019.07.13"]
[EventCountry "GER"]
[SourceTitle "playchess.com"]
[Source "ChessBase"]
[SourceQuality "1"]

{[%evp 19,80,23,31,27,26,21,26,21,48,41,45,31,66,65,61,50,58,60,65,62,70,54,54,16,62,54,54,54,54,54,54,54,54,54,54,54,54,54,54,54,54,54,54,54,76,72,71,71,77,70,77,77,77,77,77,77,77,77,77,77,77,77,77]} 1. e4 e6 2. d4 d5 3. Nc3 Bb4 4. e5 c5 5. a3 Bxc3+ 6. bxc3 Ne7 7. Qg4 Qc7 8. Qxg7 Rg8 9. Qxh7 cxd4 10. Ne2 Nbc6 ({Predecessor:} 10... dxc3 11. h4 Nbc6 12. f4 d4 13. h5 Bd7 14. Qd3 {½-½ (74) Tleptsok,R (2523)-Schmidt,M (2581) ICCF email 2015}) 11. h4 $146 {C18: French: 3 Nc3 Bb4: Main line: 7 h4 and 7 Qg4} (11. f4 dxc3 12. Nxc3 Nd4 13. Bb2 Bd7 14. O-O-O Qb6 15. Qd3 Ndf5 16. Rd2 Rc8 17. g3 Ne3 18. Ne4 Rxc2+ 19. Rxc2 dxe4 20. Qxe4 Nxc2 21. Qxc2 {½-½ (31) Giri,A (2752)-Carlsen,M (2834) Wijk aan Zee 2018}) 11... Bd7 12. f4 (12. cxd4 Nxd4 13. Ra2 Nxe2 $15) 12... dxc3 13. h5 {White has an edge.} O-O-O 14. Qd3 $1 ({Inferior is} 14. Qxf7 Rdf8 $19) 14... d4 15. h6 Rg6 16. h7 Rh8 17. Nxd4 Nxd4 18. Qxd4 Bc6 19. Bd3 ({Much worse is} 19. Qxc3 $6 Bxg2 20. Qxc7+ Kxc7 $11) 19... Rxg2 20. Be3 (20. Qxc3 Qb6 $17) 20... Rg7 21. Rh3 (21. Rh6 {feels hotter.} Nf5 22. Bxf5 exf5 23. Qxa7 Rgxh7 24. Rxh7 Rxh7 25. O-O-O) 21... Nf5 22. Bxf5 exf5 23. Qxa7 {[#] Black must now prevent Bb6.} Rgxh7 24. Rxh7 Rxh7 25. O-O-O b6 26. Qa6+ Bb7 27. Qb5 {[#] Threatening mate with Qe8+.} Bc6 $1 {[%cal Rc6b5]} 28. Qb3 Kb7 29. Qxc3 {Strongly threatening Rd6.} Rh1 30. Rxh1 Bxh1 31. Qb3 Be4 32. a4 {And now a5 would win.} Ka6 33. Qb5+ Kb7 {[%csl Ge4][%cal Rc7c2]} 34. c4 (34. Qb2 {is interesting.} Qc6 35. a5 b5 36. Qb3 Ka6 37. Bd2) 34... Qc6 35. Kb2 {White is better.} Qxb5+ 36. axb5 Bd3 37. Kc3 Be2 38. Kb4 Bf1 39. c5 bxc5+ 40. Kxc5 Be2 {Accuracy: White = 89%, Black = 82%.} 1/2-1/2

[Event "47. Sparkassen Chess-Meeting 2019"]
[Site "Dortmund"]
[Date "2019.07.21"]
[Round "7.3"]
[White "Fridman, Daniel"]
[Black "Nepomniachtchi, Ian"]
[Result "0-1"]
[WhiteElo "2638"]
[BlackElo "2775"]
[Annotator "TA"]
[PlyCount "98"]
[EventDate "2019.07.13"]
[EventCountry "GER"]
[SourceTitle "playchess.com"]
[Source "ChessBase"]
[SourceQuality "1"]

{[%evp 26,118,43,43,38,41,47,14,9,14,45,9,10,0,22,-6,0,-23,0,0,0,0,0,0,0,-4,0,0,0,0,0,0,0,0,-6,-8,-6,-6,0,-7,-8,-25,-14,-10,-10,-13,-12,-14,-4,-17,-17,-22,-23,-14,-14,-22,-17,-17,-18,-102,-18,-123,-133,-126,-66,-67,-20,-125,-125,-126,-126,-126,-126,-125,-125,-125,-125,-782,-696,-2828,-2400,-2521,-2039,-29969,-29970,-29970,-29971,-29971,-29970,-29970,-29968,-7451,-5539,-5539,-5535]} 1. d4 Nf6 2. c4 g6 3. Nc3 d5 4. Bf4 Bg7 5. e3 c5 6. dxc5 Qa5 7. Rc1 Ne4 8. cxd5 Nxc3 9. Qd2 Qxa2 10. bxc3 Qa5 11. Nf3 Nd7 12. Bc4 Nxc5 13. O-O O-O 14. Be5 Bxe5 {D82: Grünfeld: 4 Bf4} 15. Nxe5 f6 16. Ra1 Qb6 {The position is equal.} 17. Nf3 (17. d6+ Kg7 18. dxe7 Re8 19. Nf3 Rxe7 20. Rfb1 Qc7 21. Nd4 Ne4 22. Qd3 {½-½ (60) Kramnik,V (2759)-Carlsen,M (2776) Nice 2009}) 17... Kh8 18. Qd4 $146 ({Predecessor:} 18. Rfb1 Qd6 19. Qd4 Bf5 20. e4 Bxe4 21. Rb5 Bxf3 22. Rxc5 {½-½ (33) Dehaybe,A (2101)-Tylecek,D (2048) LSS email 2012}) 18... Qc7 19. e4 {And now e5 would win.} b5 20. d6 Qxd6 21. Bxb5 Bb7 22. Qxd6 exd6 23. Nd2 Nxe4 24. Nxe4 Bxe4 25. Rfe1 Bf5 26. Ra6 Rfd8 27. Re7 Rdb8 28. c4 Rb6 29. Rxb6 axb6 $11 {[%mdl 4096] Endgame KRB-KRB} 30. h3 Ra1+ 31. Kh2 Ra2 32. Kg1 Rb2 33. Re8+ Kg7 34. Rd8 Rd2 35. Rb8 h5 36. Rxb6 h4 37. Rb7+ Kh6 38. Re7 Rd1+ 39. Kh2 Rd4 40. Re1 Kg5 41. Rc1 Rd2 42. Bc6 (42. Kg1 $11 {keeps the balance.}) 42... Bc2 (42... Rxf2 $17 {Black wants to play ...Rd2.} 43. Rd1 Rc2) 43. f3 {[#]} (43. Kg1 $11 {remains equal.}) 43... f5 $1 $17 44. Be8 Kf6 (44... Bd3 $17) 45. Bc6 $15 Ke5 46. Be8 (46. Re1+ $11 Kf4 47. Re6) 46... g5 $17 47. Re1+ Kf4 48. Bf7 Bd3 49. Bd5 Be2 {Played: Rd2-c2} 0-1

[Event "47. Sparkassen Chess-Meeting 2019"]
[Site "Dortmund"]
[Date "2019.07.21"]
[Round "7.4"]
[White "Wojtaszek, Radoslaw"]
[Black "Dominguez Perez, Leinier"]
[Result "1/2-1/2"]
[WhiteElo "2737"]
[BlackElo "2760"]
[Annotator "TA"]
[PlyCount "79"]
[EventDate "2019.07.13"]
[EventCountry "GER"]
[SourceTitle "playchess.com"]
[Source "ChessBase"]
[SourceQuality "1"]

{[%evp 12,79,23,16,19,16,13,14,14,15,15,17,16,7,19,10,16,12,34,43,27,37,28,32,34,0,0,0,0,0,0,0,0,0,0,0,0,0,0,0,18,0,14,14,14,14,14,6,20,20,20,0,23,23,23,23,23,22,55,0,0,0,0,0,0,0,0,0,0,0]} 1. d4 Nf6 2. c4 e6 3. Nc3 d5 4. cxd5 Nxd5 5. e4 Nxc3 6. bxc3 c5 7. Rb1 Be7 {D35: Queen's Gambit Declined: Exchange Variation} 8. Nf3 O-O 9. Bc4 (9. Be2 b6 10. O-O Bb7 11. Qd3 Nd7 12. Re1 Rc8 13. Bf4 Nf6 14. Bd1 Nh5 15. Bd2 {1-0 (40) Carlsen,M (2861)-So,W (2754) Abidjan 2019}) 9... Qc7 10. Qe2 a6 11. Bd3 b5 12. O-O Nd7 13. a4 $146 ({Predecessor:} 13. h4 e5 14. h5 h6 15. Nxe5 Nxe5 16. dxe5 {0-1 (45) Navara,D (2737)-Dominguez Perez,L (2739) Saint Louis 2017}) 13... bxa4 14. d5 exd5 (14... c4 $5 15. Bxc4 exd5 16. Bxd5 (16. exd5 Bd6 $14) 16... Rb8 17. Rxb8 Qxb8 $14) 15. exd5 Nf6 16. c4 Bg4 17. h3 Bh5 $1 18. g4 Bg6 19. Bxg6 hxg6 20. Re1 Bd6 21. Qc2 Qd7 22. Ne5 Bxe5 23. Rxe5 Rab8 24. Rxb8 Rxb8 25. Re3 Qb7 {[#] Threatens to win with ...Qb1.} 26. Ba3 Qb1+ 27. Qxb1 Rxb1+ $11 {[%mdl 4096] Endgame KRB-KRN} 28. Kg2 Nd7 29. Re7 Rb3 30. Rxd7 Rxa3 {KR-KR} 31. Rc7 Rc3 32. Rc8+ Kh7 33. Rxc5 a3 34. Ra5 {[#] c5 is the strong threat.} Rxc4 35. Kf3 ({Better is} 35. Rxa3 $14 Rd4 36. Ra5 (36. Rxa6 Rxd5 37. h4 f6 $11)) 35... Rd4 $1 {The position is equal.} 36. Ke3 Rd1 37. Ke2 Rd4 38. Ke3 Rd1 39. Rxa3 Rxd5 40. Rxa6 {Accuracy: White = 68%, Black = 71%.} 1/2-1/2